000 00705nam a22002297a 4500
003 OSt
005 20240712124908.0
008 240712b |||||||| |||| 00| 0 eng d
020 _a(hardcover)
040 _aNUST
_beng
_cNUST
_dNUST
_erda
050 _aZ5943.AJ72MOD
245 _aModern homes illustrated
260 _aLondon
_bOdhams Press Limited
300 _alvi, Lxxii, 319 pages
_bIllustrations
_c24 cm.
336 _2rdamedia
_atext
_btxt
337 _2rdamedia
_aunmediated
_bn
338 _2rdamedia
_avolume
_bnc
504 _aIncludes bibliographical references and index.
650 _2Architectural design
700 _aYerbury, F.R
_eEditor
942 _2lcc
_cBOOKS
_hZ5943.A72MOD
_kZ
_mMOD
_n0
999 _c170828
_d170828